MARC

LEADER 00000nab a2200000 ar4500
001 vtls011703930
003 SK-MaSNL
005 20260303083125.0
008 190925c 2016xo mr|p|||||||000 b|slo
038 |a SNSK 
040 |b slo  |c SNSK  |e AACR2 
041 |a slo 
044 |a xo  |c SK 
080 |a 655.3.066.26  |2 2011 
080 |a 002  |2 2011 
080 |a (085)  |2 2011 
080 |a 7.092  |2 2011 
100 1 |a Jančíková, Andrea  |4 aut  |9 267815 
245 1 0 |a Máme najkrajšiu knihu i kalendáre na Slovensku  |c Andrea Jančíková 
300 |b Fotogr. 
611 2 7 |a Najkrajší kalendár Slovenska  |n (24. :  |d 2016 :  |c Slovensko)  |2 snsk  |9 1089155 
611 2 7 |a Najkrajšia kniha a propagačný materiál o Slovensku  |n (10. :  |d 2016 :  |c Banská Bystrica, Slovensko)  |2 snsk  |9 1089156 
650 0 7 |a knihy  |2 snsk  |9 19731 
650 0 7 |a kalendáre  |2 snsk  |9 19075 
650 0 7 |a propagačné materiály  |2 snsk  |9 51126 
651 7 |a Spišská Nová Ves (Slovensko)  |2 snsk  |9 28800 
773 0 |t Ičko. Informátor : kultúrno-spoločenský mesačník mesta Spišská Nová Ves  |g Č. 4/2016, s. 5 
852 |a SNSK  |b KIS3GCP 
856 4 1 |u http://www.spisskanovaves.eu/fileadmin/snv/user_upload/editor/editor1/dokumenty/Icko/2016/Icko_04_2016.pdf 
999 |c 1790339  |d 1792269